000 00499nam a2200169Ia 4500
005 20240503061259.0
008 240331s9999 xx 000 0 und d
020 _a9559102648
082 _bLIT
_a331.62
100 _aLittle, W Angela
245 0 _aLabouring to learn :
_btowards a political economy of plantations, people and education in Sri Lanka
250 _a1 st
260 _aSri Lanka
_bSocial Scientists Association
_c1999
300 _axxiii, 324 p .,
650 _apolitical
942 _cL
999 _c2683
_d2683